Statistics for First 200 Words of Harry Potter and the Half Blood Prince

Click here to take the quiz!

General Stats

  • This quiz has been taken 2,130 times
  • The average score is 93 of 200

Answer Stats

% Correct
a
98%
the
96%
The
96%
he
86%
He
86%
was
82%
It
79%
and
76%
in
75%
on
73%
of
73%
to
69%
his
65%
for
60%
that
59%
that...
59%
not
58%
they
56%
day,
55%
had
54%
when
54%
there
51%
were
50%
man
50%
Minister
49%
at
49%
one
49%
(as
48%
him,
47%
Prime
47%
from
47%
them
46%
what
46%
could
46%
This
45%
woul
44%
been
43%
but
43%
How
43%
office,
42%
though
42%
have
42%
very
41%
see
41%
sitting
39%
long
39%
long,
39%
why
38%
all
38%
week,
37%
week
37%
waiting
36%
thought
35%
last
35%
only
33%
earth
33%
bridge
32%
call
31%
midnight
31%
every
30%
far
29%
country,
29%
more
29%
Minister's
29%
news
29%
happened
29%
alone
28%
head
28%
before
27%
President
27%
things
26%
reading
25%
fault.
24%
much
24%
these
23%
face
23%
also
23%
memo
22%
supposed
21%
through
21%
government
21%
tiring,
21%
opponent
21%
terrible
20%
anyone
20%
nor
20%
anything
20%
difficult
19%
each
19%
telephone,
19%
distant
19%
nearing
19%
without
19%
brain
18%
government's
18%
appeared
17%
else.
17%
needed
17%
political
17%
trying
17%
collapsing?
17%
behind.
17%
space
16%
particular
16%
opponents.
16%
explain
16%
between
15%
wretched
15%
wondering
15%
true.
15%
stopped
15%
focus
14%
anybody
14%
neither
14%
reminding)
14%
slipping
13%
meaning
13%
trace
13%
page
13%
slightest
13%
leaving
13%
fair
13%
attempted
12%
accusations,
12%
pulse
11%
clearly
11%
memories
11%
print
11%
suggest
11%
gloating
11%
quickened
10%
enumerate
10%
outrageous
10%
suppress
9%
unpleasant
9%

Score Distribution

Percentile by Number Answered

Percent of People with Each Score

Your Score History

You have not taken this quiz